000
00316 a2200157 4500
001
163482
020
_a
040
_c
Magnum
100
_a
Gomes, Alvaro Cardoso
240
1
0
_a
O numero 1
_l
por
245
1
0
_a
O numero 1
362
0
_a
1899
440
1
_a
Moderna
697
_a
J/ADOLESCENTE, NAMORO
942
_c
BK
999
_c
163482
_d
163482